Commerce made simple (Record no. 24759)

MARC details
000 -LEADER
fixed length control field 00262nam a2200109Ia 4500
082 ## - DEWEY DECIMAL CLASSIFICATION NUMBER
Classification number 339.1
Item number WHI
100 ## - MAIN ENTRY--AUTHOR NAME
Personal name WHITEHEAD, G M
245 #0 - TITLE STATEMENT
Title Commerce made simple
260 ## - PUBLICATION, DISTRIBUTION, ETC. (IMPRINT)
Place of publication London
Name of publisher W H Allen
Year of publication 1975
942 ## - ADDED ENTRY ELEMENTS (KOHA)
Koha item type Books
Holdings
Withdrawn status Lost status Damaged status Not for loan Home library Current library Date acquired Full call number Accession Number Koha item type
        RRII Library RRII Library 16/12/2021 339.1 WHI 05431 Books